| 000 | 05764nam a22003853i 4500 | ||
|---|---|---|---|
| 001 | EBC5988557 | ||
| 003 | MiAaPQ | ||
| 005 | 20240321120925.0 | ||
| 007 | cr cnu|||||||| | ||
| 008 | 220817s2019 xx o ||||0 ger d | ||
| 020 |
_a9783835342552 _q(electronic bk.) |
||
| 020 | _z9783835332751 | ||
| 040 |
_aMiAaPQ _beng _cMiAaPQ |
||
| 100 | 1 |
_aSchwerin, Kerstin Gräfin von. _99080 _4aut _eauthor |
|
| 245 | 1 | 0 |
_aFriederike Brun : _bWeltbürgerin in der Zeitenwende ; eine Biographie. |
| 264 | 1 |
_aGöttingen : _bWallstein Verlag, _c2019. |
|
| 264 | 4 | _c{copy}2019. | |
| 300 | _a1 online resource (383 pages) | ||
| 336 |
_aText _btxt _2rdacontent |
||
| 337 |
_aComputermedien _bc _2rdamedia |
||
| 338 |
_aOnline Resource _bcr _2rdacarrier |
||
| 500 | _aE-Book-ProQuest / Fernzugriff nach Registrierung möglich | ||
| 505 | 0 | _aUmschlag -- Titel -- Inhalt -- Vorwort -- 1. Kapitel: Kindheit und Jugend 1765 - 1782 -- Herkunft -- Politik und Kultur in Kopenhagen -- »Die nördliche Verpflanzung der witzigen Köpfe«: Klopstock und der neue Geist der Literatur -- Die aufklärerischen Ideen des Johann Friedrich Struensee -- »Wahrheit aus Morgenträumen«: Kindheits- und Jugendgeschichte -- »Sie soll mir keine gelehrte Närrin werden!« -- Friedrich Münter - der gelehrte Bruder -- 2. Kapitel: Reise nach Deutschland und St. Petersburg 1782/1783 -- Hamburg und Göttingen -- Herder in Weimar -- »Tagebuch meiner ersten Reise« (1782) -- Hochzeit -- St. Petersburg und Berlin -- 3. Kapitel: Kopenhagen 1784 - 1788 -- Kulturelles Leben -- »Holgerfehde« -- 4. Kapitel: Reise nach Pyrmont 1789 -- In Hamburgs gelehrten Kreisen -- Pyrmont und Göttingen -- Sophienholm -- 5. Kapitel: Erste Reise in den Süden: Frankreich und die Schweiz 1790 -- Paris und Südfrankreich -- Im Tempel der Freundschaft: Begegnung mit Friedrich von Matthisson und Karl Viktor von Bonstetten -- Rousseau und die St. Petersinsel -- Über Zürich nach Mainz -- 6. Kapitel: Kopenhagen 1791 - 1795 -- Lavater und Matthisson in Kopenhagen -- Erste Gedichtsammlung 1795 -- 7. Kapitel: Reise nach Wörlitz, Karlsbad und in die Schweiz 1795 -- Im Labyrinth der Kantischen Philosophie: Kiel und Hamburg -- »Die reitzenden Gefilde des Wörlitzer Gartens« -- Begegnungen in Weimar und Jena -- »Ich gerathe immer mit dem Goethe in sehr lebendige Unterhaltung«: Karlsbad -- »Alles ist grosses Uni sono«: Aufenthalt in der Schweiz -- 8. Kapitel: »Italien ist ein Weiberparadies«. Erster Aufenthalt 1795 / 1796 -- »Tagebuch über Rom« -- In der römischen Künstlerrepublik -- Studium des Altertums: Fernow, Zoëga und Hirt -- Reise nach Neapel und Ischia -- 9. Kapitel: Bern und Valeyres 1796 / 1797. | |
| 505 | 8 | _aDas Berner Tagebuch: »Der gesellige Ton ist äusserst angenehm hier« -- »Die feinste philosophische Welt«: Johann Samuel Ith, Philipp Albert Stapfer und der Kantianismus -- 10. Kapitel: Kopenhagen 1797 - 1801 -- Palais Brun -- »Die Revolution ist in vollen Flammen ausgebrochen« -- Karl Viktor von Bonstetten in Kopenhagen -- Johannes von Müller: »Briefe eines jungen Gelehrten an seinen Freund« -- Schreibwerkstatt -- In den »antiken Tempeln der Freyheit Helvetiens«: »Der Rigiberg« -- Kollekte für Schweizer Waisenkinder -- »Die Schweitz gährt wie ein Vulcan« -- »Wir haben hier den sonderbarsten Krieg« -- 11. Kapitel: »Weil wir suchen was da fern ist!«: Reise in den Süden1801 -- Reise nach Dresden und Schlangenbad -- »Mir war sehr wohl in Coppet«: Germaine de Staël -- »Genf ist jetzt eine der interreßantesten Städte Europa's« -- »Die Anziehungskraft der Gebirge« -- 12. Kapitel: In den »Prachttempeln der Kunst«: Rom 1802 / 1803 -- »Römisches Leben« -- »Ich lebe hier ausschließlich mit den Künstlern«: Kunstvermittlerin und Mäzenin -- Thorvaldsens »Jason« -- Jena und Weimar -- 13. Kapitel: Kopenhagen 1803 - 1805 -- Krankheit und seelische Krise -- Herders Tod -- 14. Kapitel: Letzte Reise in den Süden 1805 - 1807 -- »Episoden« -- Genfer Winter 1805/06 -- Die Attitüdenkunst von Ida Brun -- »Wir leben hier still und fleißig«: Sommer in Céligny 1806 -- Aufenthalt in Hyères und Pisa 1806/07 -- 15. Kapitel: Sehnsucht nach Rom 1807 - 1810 -- Europa im Umbruch -- »Briefe aus Rom, geschrieben in den Jahren 1808, 1809, 1810« -- Abschied von Rom -- 16. Kapitel: Rückkehr nach Dänemark -- Neuanfang in Kopenhagen -- Die Kinder: Carl, Charlotte, Augusta, Adelaide -- Salon Brun -- Johannes von Müllers Briefe an Karl Viktor von Bonstetten -- Germaine de Staëls Aufenthalt im Norden -- 17. Kapitel: Am Ende eines europäischen Krieges. | |
| 505 | 8 | _a»Der Zustand dieses Landes ist verzweiflungsvoll« -- Freiheitskampf in Griechenland: »Lieder für Hellas« -- »Ein geheimes Grauen vor dem Thierischen Magnetismus«: Krankheiten -- »The joy of grief« - Wonne der Wehmut -- Erinnerungsarbeit -- Karl Viktor von Bonstettens Briefe an Friederike Brun -- »Die halbe Welt ist in voller Eruption«: die letzten Jahre -- Abschiede -- Anhang -- Anmerkungen -- Quellen und Literatur -- Siglen -- Nachlass Friederike Brun -- Werke von Friederike Brun -- Literatur zu Friederike Brun -- Quellen -- Forschungsliteratur -- Lexika und Nachschlagewerke -- Online-Artikel -- Abbildungen -- Zeittafel -- Dank -- Register -- Impressum. | |
| 600 | 1 |
_aBrun, Friederike _99166 |
|
| 650 | 4 | _aBiografie | |
| 653 | _aBrun, Friederike,-1765-1835. | ||
| 655 | 4 | _aElectronic books. | |
| 655 |
_aFernzugriff _9230 |
||
| 776 | 0 | 8 |
_iPrint version: _aSchwerin, Kerstin Gräfin von _tFriederike Brun _dGöttingen : Wallstein Verlag,c2019 _z9783835332751 |
| 856 | 4 | 0 |
_uhttps://ebookcentral.proquest.com/lib/maxweberstiftung-ebooks/detail.action?docID=5988557 _zVolltext |
| 942 |
_cEB _2z |
||
| 999 |
_c60531 _d60531 |
||